[Event "NCL978b Wessex-Witney"]
[Site "Rd3"]
[Date "1997.11.22"]
[Round "3.3"]
[White "Yeo, Michael"]
[Black "Rose, Matthew"]
[Result "1-0"]
[WhiteElo "2210"]
[BlackElo "2176"]
[PlyCount "55"]
[EventDate "1997.10.22"]
[Source "4NCL"]
[SourceDate "1998.01.01"]

1. e4 c5 2. Nf3 d6 3. d4 cxd4 4. Nxd4 Nf6 5. Nc3 a6 6. Bg5 e6 7. f4 Qc7 8. Qf3
b5 9. O-O-O b4 10. e5 Bb7 11. Ncb5 axb5 12. Bxb5+ Nfd7 13. Nxe6 fxe6 14. Qh3
Kf7 15. f5 Nxe5 16. fxe6+ Kg8 17. e7 Bxe7 18. Qe6+ Nf7 19. Bxe7 Bc8 20. Qd5 Qb7
21. Bc4 Qxd5 22. Bxd5 Bb7 23. Be6 Be4 24. Rhf1 Bg6 25. Rxd6 Na6 26. Bd5 Nc7 27.
Bxa8 Nxa8 28. Rd8+ 1-0

[Event "NCL978b Wessex-Witney"]
[Site "Rd3"]
[Date "1997.11.22"]
[Round "3.4"]
[White "Haydon, Richard"]
[Black "Noyce, Robert"]
[Result "1-0"]
[WhiteElo "2180"]
[BlackElo "2180"]
[PlyCount "99"]
[EventDate "1997.10.22"]
[Source "4NCL"]
[SourceDate "1998.01.01"]

1. Nf3 Nf6 2. g3 g6 3. Bg2 Bg7 4. O-O O-O 5. c4 d6 6. d4 c6 7. Nc3 Nbd7 8. e4
e5 9. h3 Re8 10. d5 Nc5 11. Ne1 a5 12. Be3 Qe7 13. Nd3 Nxd3 14. Qxd3 c5 15.
Rae1 Bd7 16. Kh2 Rf8 17. Qd2 Ne8 18. Bg5 f6 {(Draw offer)} 19. Be3 b6 20. f4
Nc7 21. a4 Bh6 22. Qd1 Bg7 23. f5 Na6 24. h4 Nc7 25. Bh3 Rab8 26. b3 g5 27. Qd2
h6 28. Bg4 Be8 29. Qe2 Qf7 30. Bf3 Qe7 31. Kg2 Bf7 32. Rh1 Rfd8 33. Ref1 Kf8
34. hxg5 fxg5 {#} 35. f6 Bxf6 36. Rxh6 Kg7 37. Rhh1 Rh8 38. Bg4 Rxh1 39. Rxh1
Rh8 40. Rxh8 Kxh8 41. Bf5 Kg7 42. Qg4 Be8 43. Nd1 Na6 44. Bd2 Nb4 45. Ne3 Bf7
46. Qh3 Kf8 47. Bh7 Ke8 48. Qh6 Qd8 49. Ng4 Be7 50. Bf5 1-0

[Event "NCL978b Wessex-Witney"]
[Site "Rd3"]
[Date "1997.11.22"]
[Round "3.5"]
[White "Neil, David"]
[Black "Churm, Rohan"]
[Result "1/2-1/2"]
[WhiteElo "2260"]
[BlackElo "2100"]
[PlyCount "100"]
[EventDate "1997.10.22"]
[Source "4NCL"]
[SourceDate "1998.01.01"]

1. e4 e6 2. d4 d5 3. Nc3 Bb4 4. Qd3 dxe4 5. Qxe4 Nf6 6. Qh4 c5 7. dxc5 Nd5 8.
Qxd8+ Kxd8 9. a3 Bxc5 10. Ne4 Bb6 11. c4 Nf6 12. Bg5 Nbd7 13. O-O-O Ke7 14. b4
h6 15. Bh4 g5 16. Nxf6 Nxf6 17. Bg3 Rd8 18. Bd3 Bd4 19. Nf3 Ne8 20. Nxd4 Rxd4
21. h4 Bd7 22. hxg5 hxg5 23. Be5 Rh4 24. Rxh4 gxh4 25. Rh1 Bc6 26. f3 Rd8 27.
Kc2 b6 28. Rxh4 Nf6 29. Rh6 Nd7 30. Bb2 Rg8 31. Bf1 Bb7 32. Kb3 e5 33. Rh3 Rg6
34. Bc3 Kd6 35. Bd2 Nf8 36. Rh6 Rxh6 37. Bxh6 Ne6 38. Kc3 f5 39. Be3 f4 40. Bf2
e4 41. fxe4 Bxe4 42. a4 Kc6 43. Kb3 a5 44. Kc3 axb4+ 45. Kxb4 Nc7 46. Bd4 Na6+
47. Kc3 Nc5 48. Be5 Ne6 49. Kb4 Nc5 50. Bxf4 Bd3 1/2-1/2

[Event "NCL978b Wessex-Witney"]
[Site "Rd3"]
[Date "1997.11.22"]
[Round "3.6"]
[White "Dickinson, Tim"]
[Black "Simons, Martin"]
[Result "1/2-1/2"]
[WhiteElo "2155"]
[BlackElo "2072"]
[PlyCount "59"]
[EventDate "1997.10.22"]
[Source "4NCL"]
[SourceDate "1998.01.01"]

1. e4 e5 2. Nf3 f5 3. Bc4 fxe4 4. Nxe5 d5 5. Qh5+ g6 6. Nxg6 Nf6 7. Qe5+ Be7 8.
Nxe7 Qxe7 9. Qxe7+ Kxe7 10. Bf1 Nc6 11. b3 Bf5 12. Bb2 Rhg8 13. g3 Ke6 14. Bg2
Nb4 15. Na3 Raf8 16. O-O h5 17. f3 exf3 18. Rxf3 Ne4 19. d3 Ng5 20. Re1+ Kd7
21. Rfe3 Nh3+ 22. Bxh3 Bxh3 23. Re7+ Kd8 24. Rh7 Rg5 25. Rh8 Rgf5 26. Rxf8+
Rxf8 27. Be5 a6 28. Bf4 Nxa2 {(Draw offer)} 29. Re5 Rf5 30. Rxf5 1/2-1/2

[Event "NCL978b Wessex-Witney"]
[Site "Rd3"]
[Date "1997.11.22"]
[Round "3.7"]
[White "Brameld, Arthur"]
[Black "Jones, Nicholas"]
[Result "1-0"]
[WhiteElo "2104"]
[BlackElo "1928"]
[PlyCount "53"]
[EventDate "1997.10.22"]
[Source "4NCL"]
[SourceDate "1998.01.01"]

1. e4 d5 2. Nc3 d4 3. Nce2 c5 4. Ng3 a6 5. a4 Nc6 6. f4 e5 7. f5 Nf6 8. Bc4 Bd6
9. Nf3 h6 10. O-O b6 11. Qe2 Bb7 12. h3 Qd7 13. b3 Na5 14. Bd3 Nc6 15. Ba3 O-O
16. Nh2 Nb4 17. Bxb4 cxb4 18. Ng4 Qe7 19. Nxf6+ Qxf6 20. Rf3 Qh4 21. Raf1 Bc7
22. Kh2 Bd8 {#} 23. f6 g6 24. Nf5 gxf5 25. Rxf5 Bc8 26. g3 Bxf5 27. gxh4 1-0

[Event "NCL978b Wessex-Witney"]
[Site "Rd3"]
[Date "1997.11.22"]
[Round "3.8"]
[White "Smith, Lucy"]
[Black "Howard, Emily"]
[Result "1/2-1/2"]
[WhiteElo "1648"]
[BlackElo "1904"]
[PlyCount "77"]
[EventDate "1997.10.22"]
[Source "4NCL"]
[SourceDate "1998.01.01"]

1. d4 Nf6 2. Bg5 e6 3. c3 d5 4. Nf3 Nbd7 5. Nbd2 Be7 6. h3 c5 7. e3 O-O 8. Be2
b6 9. O-O Bb7 10. Rc1 Rc8 11. Re1 Ne8 12. Bf4 h6 13. Bd3 Bd6 14. Bxd6 Nxd6 15.
Bb1 Nf6 16. Qe2 Qd7 17. Ne5 Qb5 18. Qxb5 Nxb5 19. Bd3 Nd6 20. f3 Rfd8 21. Kf2
Nd7 22. Nxd7 Rxd7 23. Nb1 Rdc7 24. Na3 Kf8 25. Nb5 Nxb5 26. Bxb5 a6 27. Bd3 b5
28. Re2 c4 29. Bb1 Re8 30. e4 Rce7 31. Rce1 Bc8 32. g4 Bb7 33. e5 a5 34. a3 Bc6
35. f4 Rb7 36. f5 Kg8 37. fxe6 fxe6 38. Bg6 Rf8+ 39. Kg2 1/2-1/2

[Event "NCL978b White Rose-Kings Head"]
[Site "Rd3"]
[Date "1997.11.22"]
[Round "3.1"]
[White "Potts, Alan"]
[Black "Pearce, Robin"]
[Result "1-0"]
[WhiteElo "2290"]
[BlackElo "2072"]
[PlyCount "55"]
[EventDate "1997.10.22"]
[Source "4NCL"]
[SourceDate "1998.01.01"]

1. e4 c5 2. Nf3 e6 3. d4 cxd4 4. Nxd4 a6 5. Bd3 g6 6. f4 Bg7 7. Nf3 d6 8. O-O
Ne7 9. c3 O-O 10. Be3 Nbc6 11. Nbd2 b5 12. a3 Rb8 {(Draw offer)} 13. Qe2 Qc7
14. Rae1 Qb7 15. Qf2 a5 16. e5 dxe5 17. fxe5 Nd5 18. Bc5 Rd8 19. Ng5 f5 20.
exf6 Nxf6 21. Nde4 Ng4 22. Qh4 h5 23. Nd6 Rxd6 24. Bxd6 Nce5 25. Bxe5 Bxe5 26.
Bxg6 Qb6+ 27. Kh1 Bb7 28. Bf7+ 1-0

[Event "NCL978b White Rose-Kings Head"]
[Site "Rd3"]
[Date "1997.11.22"]
[Round "3.2"]
[White "O'Shaughnessy, Conor"]
[Black "Gayson, Peter"]
[Result "0-1"]
[WhiteElo "2205"]
[BlackElo "2240"]
[PlyCount "50"]
[EventDate "1997.10.22"]
[Source "4NCL"]
[SourceDate "1998.01.01"]

1. e4 c5 2. Nf3 e6 3. c3 d5 4. exd5 exd5 5. d4 Nf6 6. Bb5+ Bd7 7. Qe2+ Be7 8.
dxc5 O-O 9. Be3 Ne4 10. O-O {(Draw offer)} Bxc5 11. Bxc5 Nxc5 12. Bxd7 Nbxd7
13. Na3 Re8 14. Qd2 Nf6 15. Nc2 Nfe4 16. Qd1 Qb6 17. Nb4 Rad8 18. Rb1 Ne6 19.
Qc2 Nf4 20. Nd3 Ne6 21. Nb4 Nf6 22. a3 Nf4 23. Rfe1 Ne4 24. Nxd5 Rxd5 25. Rxe4
Nh3+ 0-1

[Event "NCL978b White Rose-Kings Head"]
[Site "Rd3"]
[Date "1997.11.22"]
[Round "3.3"]
[White "Barrett, Stephen"]
[Black "Thomas, Richard"]
[Result "1-0"]
[WhiteElo "2240"]
[BlackElo "2096"]
[PlyCount "99"]
[EventDate "1997.10.22"]
[Source "4NCL"]
[SourceDate "1998.01.01"]

1. d4 d5 2. c4 c6 3. Nf3 Nf6 4. cxd5 cxd5 5. Nc3 Nc6 6. Bf4 e6 7. e3 Be7 8. h3
Bd7 9. Bd3 Nb4 10. Be2 O-O 11. O-O Qb6 12. a3 Na6 13. b4 Rfc8 14. Qb3 Nc7 15.
Rfc1 a6 16. Ne5 Be8 17. Rc2 Nb5 18. Na4 Qa7 19. Rac1 Rxc2 20. Rxc2 a5 21. bxa5
Qxa5 22. Bxb5 Bxb5 23. Nc5 b6 24. Nb7 Qe1+ 25. Kh2 Ba4 26. Qc3 Qxc3 27. Rxc3
Nh5 28. Rc7 Bxa3 29. Nxf7 Nxf4 30. exf4 Bb2 31. Ng5 Bxd4 32. Nxe6 Bb2 33. Nd6
Rb8 34. Nf5 Be8 35. Ne7+ Kh8 36. Nxd5 b5 37. g4 h6 38. Kg3 Kg8 39. Nb4 Bf7 40.
Nc5 Bc4 41. h4 Rd8 42. g5 hxg5 43. hxg5 Bc3 44. Nc6 Rf8 45. Ne4 Bb2 46. Ne7+
Kf7 47. Kg4 Ke6 48. f3 Re8 49. f5+ Ke5 50. Rd7 1-0

[Event "NCL978b White Rose-Kings Head"]
[Site "Rd3"]
[Date "1997.11.22"]
[Round "3.4"]
[White "McMichael, Rick"]
[Black "White, Mark"]
[Result "1/2-1/2"]
[WhiteElo "2200"]
[BlackElo "2200"]
[PlyCount "126"]
[EventDate "1997.10.22"]
[Source "4NCL"]
[SourceDate "1998.01.01"]

1. b3 e5 2. Bb2 d6 3. e3 Nf6 4. c4 Be7 5. Nf3 O-O 6. d4 exd4 7. Nxd4 Nbd7 8.
Be2 Ne5 9. O-O c6 10. Qc2 Ng6 11. Nf5 Bxf5 12. Qxf5 d5 13. Nc3 dxc4 14. Bxc4
Qc7 15. Ne2 Rad8 16. Nd4 a6 17. g3 b5 18. Be2 c5 19. Qc2 Bd6 20. Nf3 Ne5 21.
Rac1 Rc8 22. Rfd1 Rfe8 23. Nh4 Qc6 24. Qf5 Bb8 25. Nf3 Qe4 26. Qxe4 Nxe4 27.
Kg2 f6 28. a4 c4 29. Bxe5 Bxe5 30. Nxe5 fxe5 31. axb5 axb5 32. bxc4 bxc4 33.
Rxc4 Rxc4 34. Bxc4+ Kh8 35. h4 Nf6 36. Bf7 Rf8 37. Be6 Re8 38. Bh3 g6 39. g4
Re7 40. g5 Ne4 41. f3 Nc5 42. Rd5 Na4 43. Kf2 Kg8 44. Bf1 Nb6 45. Rd6 Nd7 46.
Bb5 Nf8 47. Ke2 Kg7 48. Kd3 h6 49. Bc6 hxg5 50. hxg5 Re6 51. Rxe6 Nxe6 52. Ke4
Nxg5+ 53. Kxe5 Nf7+ 54. Ke6 Nd8+ 55. Kd6 Nf7+ 56. Ke7 Ne5 57. Bd5 Nd3 58. f4
Nc5 59. Kd6 Nd3 60. Bf3 Kf6 61. Be4 Nxf4 62. exf4 g5 63. f5 g4 1/2-1/2

[Event "NCL978b White Rose-Kings Head"]
[Site "Rd3"]
[Date "1997.11.22"]
[Round "3.5"]
[White "Palliser, Richard"]
[Black "Mackenzie, Colin"]
[Result "1/2-1/2"]
[WhiteElo "2125"]
[BlackElo "2056"]
[PlyCount "84"]
[EventDate "1997.10.22"]
[Source "4NCL"]
[SourceDate "1998.01.01"]

1. d4 e6 2. c4 Nf6 3. Nc3 Bb4 4. e3 O-O 5. Bd3 c5 6. Nge2 d5 7. cxd5 exd5 8.
O-O Nc6 9. a3 cxd4 10. exd4 Bd6 11. f3 h6 {(Draw offer)} 12. Bc2 a6 13. Qd3 Ne7
14. g4 Qc7 15. Rf2 Qc4 16. Qd1 Bd7 17. Rg2 Qc7 18. g5 hxg5 19. Bxg5 Nh5 20.
Bxe7 Bxe7 21. Qd3 f5 22. Nxd5 Qd6 23. Ng3 Nxg3 24. hxg3 Bg5 25. Ne3 Bxe3+ 26.
Qxe3 Rfe8 27. Bb3+ Be6 28. Re1 Bd5 29. Bxd5+ Qxd5 30. Qxe8+ Rxe8 31. Rxe8+ Kf7
32. Re3 Qxd4 33. Rge2 g5 34. Kg2 Qd6 35. Rb3 Qd5 36. Rc3 g4 37. Rf2 Kg6 38. Re3
Kg5 39. Kh2 Qd4 {(Draw offer)} 40. Ree2 f4 41. fxg4 fxg3+ 42. Kxg3 Qd3+ 1/2-1/2

[Event "NCL978b White Rose-Kings Head"]
[Site "Rd3"]
[Date "1997.11.22"]
[Round "3.6"]
[White "Gilfillan, Andrew"]
[Black "Tan, Desmond"]
[Result "0-1"]
[WhiteElo "2096"]
[BlackElo "2080"]
[PlyCount "77"]
[EventDate "1997.10.22"]
[Source "4NCL"]
[SourceDate "1998.01.01"]

1. e4 c5 2. Nc3 Nc6 3. f4 g6 4. Nf3 Bg7 5. Bb5 Nd4 6. a4 e6 7. O-O Ne7 8. f5
O-O 9. d3 exf5 10. Bg5 h6 11. Be3 d6 12. Bc4 Be6 13. Nd5 Nec6 14. Nd2 Ne5 15.
c3 Ndc6 16. Qe1 Na5 17. Qg3 Naxc4 18. dxc4 fxe4 19. Nxe4 f5 20. Nd2 Bxd5 21.
cxd5 g5 22. Qh3 Qd7 23. a5 Qf7 24. c4 Qg6 25. a6 b6 26. Kh1 Ng4 27. Rab1 Rae8
28. Bg1 Ne5 29. b4 cxb4 30. Rxb4 f4 31. Qa3 Qd3 32. Qc1 Rc8 33. Rb3 Qg6 34. h3
g4 35. Ra3 f3 36. gxf3 gxh3 37. Rf2 Nd3 38. Rxd3 Qxd3 39. Bh2 0-1

[Event "NCL978b White Rose-Kings Head"]
[Site "Rd3"]
[Date "1997.11.22"]
[Round "3.7"]
[White "Forbes, Cathy"]
[Black "Osborne, William"]
[Result "1-0"]
[WhiteElo "2120"]
[BlackElo "1952"]
[PlyCount "69"]
[EventDate "1997.10.22"]
[Source "4NCL"]
[SourceDate "1998.01.01"]

1. d4 e6 2. Nf3 f5 3. g3 Nf6 4. Bg2 Be7 5. b3 O-O 6. Bb2 d5 7. Nbd2 a5 8. O-O
c6 9. Ne5 Nbd7 10. c4 Nxe5 11. dxe5 Ne4 12. Nxe4 fxe4 13. Qc2 b6 14. cxd5 cxd5
15. Rfd1 Bd7 16. e3 Rc8 17. Qe2 Qe8 18. h4 Qf7 19. Bxe4 Bc6 20. Bc2 g6 21. f4
Bc5 22. Bd4 Qc7 23. Bd3 Bxd4 24. exd4 Bb7 25. Qg4 Qf7 26. Kg2 Rc3 27. h5 Kg7
28. Qg5 Ba8 29. hxg6 hxg6 30. Rh1 Rh8 31. Rxh8 Kxh8 32. Bxg6 Qg7 33. Rh1+ Kg8
34. Qd8+ Qf8 35. Rh8+ 1-0

[Event "NCL978b Witney-Barbican2"]
[Site "Rd4"]
[Date "1997.11.23"]
[Round "4.1"]
[White "Cooksey, Paul"]
[Black "Lewis, Andrew"]
[Result "1-0"]
[WhiteElo "2185"]
[BlackElo "2320"]
[PlyCount "103"]
[EventDate "1997.11.23"]
[Source "4NCL"]
[SourceDate "1998.01.01"]

1. d4 Nf6 2. c4 g6 3. Nc3 Bg7 4. e4 d6 5. f3 O-O 6. Nge2 c5 7. Be3 Nc6 8. Qd2
Qa5 9. d5 Ne5 10. Ng3 h5 11. Bg5 Qb4 12. Nb1 Nh7 13. Qxb4 cxb4 14. Bxe7 Re8 15.
Bxd6 Nxf3+ 16. gxf3 Bxb2 17. Na3 Bxa1 18. Nb5 Be5 19. Bxb4 a6 20. Nd6 Rd8 21.
c5 a5 22. Ba3 Bxd6 23. cxd6 h4 24. Ne2 b5 25. Bc5 Bd7 26. Bf2 Rdc8 27. Kd2 b4
28. Nd4 a4 29. Bd3 h3 30. e5 Nf8 31. Nc6 Rxc6 32. dxc6 Bxc6 33. Rb1 b3 34. axb3
axb3 35. Rxb3 Bxf3 36. Bc4 Bg4 37. Rb7 Be6 38. Bb5 Ra2+ 39. Ke3 Rb2 40. Bc6 Rc2
41. Rc7 Bf5 42. Bb7 Ra2 43. Bc8 Ra3+ 44. Ke2 Ne6 45. Bxe6 Bxe6 46. d7 Ra8 47.
Bh4 g5 48. Bxg5 Ra2+ 49. Kf3 Bxd7 50. Rxd7 Rxh2 51. Bf6 Rh1 52. Kg3 1-0

[Event "NCL978b Witney-Barbican2"]
[Site "Rd4"]
[Date "1997.11.23"]
[Round "4.2"]
[White "Plueg, Andreas"]
[Black "Hunt, Adam"]
[Result "1-0"]
[WhiteElo "2375"]
[BlackElo "2264"]
[PlyCount "97"]
[EventDate "1997.11.23"]
[Source "4NCL"]
[SourceDate "1998.01.01"]

1. d4 Nf6 2. Nf3 g6 3. c3 Bg7 4. Bg5 d5 5. Nbd2 Nbd7 6. e3 O-O 7. h3 Re8 8. Bf4
c5 9. Be2 b6 10. Ne5 Bb7 11. O-O Nxe5 12. Bxe5 Nd7 13. Bxg7 Kxg7 14. f4 Nf6 15.
Bb5 Rf8 16. f5 Qd6 17. Qf3 Ne4 18. Nxe4 dxe4 19. Qe2 cxd4 20. cxd4 Rac8 21.
fxg6 hxg6 22. Rac1 Rxc1 23. Rxc1 Rc8 24. Rc3 e5 25. Qc2 Rxc3 26. bxc3 exd4 27.
cxd4 Bd5 28. Kf2 Qb4 29. Ba4 b5 30. Bb3 Bxb3 31. axb3 Qe7 32. Qc5 Qh4+ 33. Kf1
Qg3 34. d5 Qe5 35. Qxb5 Qa1+ 36. Kf2 Qb2+ 37. Kg3 Qe5+ 38. Kf2 Qb2+ 39. Qe2
Qxb3 40. Qd2 Qd3 41. Qxd3 exd3 42. e4 Kf6 43. g4 Ke5 44. g5 Kd6 45. Ke3 Kc5 46.
Kxd3 Kb5 47. Kd4 Kb6 48. Kc4 a5 49. e5 1-0

[Event "NCL978b Witney-Barbican2"]
[Site "Rd4"]
[Date "1997.11.23"]
[Round "4.3"]
[White "Rose, Matthew"]
[Black "Twyble, Michael"]
[Result "1/2-1/2"]
[WhiteElo "2176"]
[BlackElo "2205"]
[PlyCount "120"]
[EventDate "1997.11.23"]
[Source "4NCL"]
[SourceDate "1998.01.01"]

1. e4 e6 2. d4 d5 3. Nd2 c5 4. exd5 Qxd5 5. Ngf3 cxd4 6. Bc4 Qd6 7. O-O Nf6 8.
Nb3 Nc6 9. Nbxd4 Nxd4 10. Nxd4 Bd7 11. c3 Qc7 12. Qe2 Bd6 13. g3 O-O-O 14. Nb5
Bxb5 15. Bxb5 h5 16. Qc4 h4 17. Qxc7+ Bxc7 18. Be2 Bb6 19. g4 Ne4 20. Bf4 g5
21. Be3 Bxe3 22. fxe3 Rd2 23. Bf3 Nc5 24. b4 Nd7 25. Rad1 Rxd1 26. Rxd1 Ne5 27.
Be2 Rd8 28. Rd4 Nc6 29. Rxd8+ Kxd8 30. Bf3 Kc7 31. Be4 Ne5 32. h3 b6 33. Kf2 a5
34. Ke2 Kd6 35. Bc2 Nc6 36. a3 Ne5 37. Be4 Nc4 38. a4 Ne5 39. Bc2 Nc6 40. bxa5
Nxa5 41. Kd3 Ke5 42. Bd1 Kd5 43. Bf3+ Kc5 44. Be2 Nc4 45. Ke4 f6 46. Bd1 f5+
47. gxf5 exf5+ 48. Kf3 Ne5+ 49. Ke2 Kc4 50. Kd2 g4 51. hxg4 fxg4 52. Be2+ Kb3
53. e4 h3 54. Bf1 h2 55. Bg2 Nf3+ 56. Ke3 Ne1 57. Kf2 Nd3+ 58. Kg3 Kxc3 59.
Kxg4 Nf2+ 60. Kf3 Nd3 1/2-1/2

[Event "NCL978b Witney-Barbican2"]
[Site "Rd4"]
[Date "1997.11.23"]
[Round "4.4"]
[White "Sands, David"]
[Black "Haydon, Richard"]
[Result "1/2-1/2"]
[WhiteElo "2255"]
[BlackElo "2180"]
[PlyCount "75"]
[EventDate "1997.11.23"]
[Source "4NCL"]
[SourceDate "1998.01.01"]

1. d4 d6 2. c4 e5 3. Nc3 exd4 4. Qxd4 Nf6 5. Nf3 Nc6 6. Qd2 Be6 7. e4 Be7 8.
Be2 O-O 9. O-O Nd7 10. Nd5 Nc5 11. Qc2 Bg4 12. Be3 Ne6 13. Rad1 Bxf3 14. Bxf3
Bg5 15. Bxg5 Qxg5 16. Rfe1 Ncd4 17. Qc3 c6 18. Nb4 a5 19. Nc2 c5 20. g3 Nxc2
21. Qxc2 Nd4 22. Qc3 a4 23. Bg2 Rab8 24. f4 Qg4 25. Rd2 f6 26. Qa5 b6 27. Qxa4
Ra8 28. Qd1 Qxd1 29. Rexd1 Rxa2 30. b4 Rfa8 31. bxc5 bxc5 32. Rxa2 Rxa2 33. Rb1
g5 34. fxg5 fxg5 35. Rb7 Ra1+ 36. Kf2 Ra2+ 37. Kg1 Ra1+ 38. Kf2 1/2-1/2

[Event "NCL978b Witney-Barbican2"]
[Site "Rd4"]
[Date "1997.11.23"]
[Round "4.5"]
[White "Hackett, David"]
[Black "Reuben, Stewart"]
[Result "1/2-1/2"]
[WhiteElo "2088"]
[BlackElo "2230"]
[PlyCount "80"]
[EventDate "1997.11.23"]
[Source "4NCL"]
[SourceDate "1998.01.01"]

1. e4 c5 2. Nc3 Nc6 3. g3 g6 4. Bg2 Bg7 5. d3 e6 6. Be3 d6 7. f4 Nge7 8. Nf3
Nd4 9. O-O Nec6 10. g4 h5 11. g5 Nxf3+ 12. Qxf3 Nd4 13. Qf2 Bd7 14. Rae1 O-O
15. Nd1 Rc8 16. c3 Nc6 17. e5 dxe5 18. Bxc5 exf4 19. Bxf8 Qxf8 20. Qxf4 e5 21.
Qf2 Be6 22. Ne3 Qd8 23. h4 Qxd3 24. Rd1 Qa6 25. Nd5 Qxa2 26. Nf6+ Bxf6 27. Qxf6
Qc4 28. Rde1 Bf5 29. Rxf5 gxf5 30. Qxf5 Qe6 31. Qxe6 fxe6 32. Bxc6 Rxc6 33.
Rxe5 Rc4 34. Rxe6 Rxh4 35. Re7 b5 36. Rxa7 Rg4+ 37. Kh2 Rxg5 38. Rb7 Kf8 39.
Kh3 Ke8 40. Kh4 Rc5 1/2-1/2

[Event "NCL978b Witney-Barbican2"]
[Site "Rd4"]
[Date "1997.11.23"]
[Round "4.6"]
[White "Williamson, Paul"]
[Black "Dickinson, Tim"]
[Result "1-0"]
[WhiteElo "2170"]
[BlackElo "2155"]
[PlyCount "93"]
[EventDate "1997.11.23"]
[Source "4NCL"]
[SourceDate "1998.01.01"]

1. d4 e6 2. c4 Nf6 3. Nc3 Bb4 4. Qc2 d5 5. a3 Bxc3+ 6. Qxc3 Ne4 7. Qc2 c5 8.
dxc5 Nc6 9. Rb1 e5 10. e3 O-O 11. Nf3 Bf5 12. Bd3 Bg6 13. O-O Nxc5 14. Bxg6
hxg6 15. cxd5 Qxd5 16. b4 Nd3 17. b5 Ne7 18. e4 Qxe4 19. Rb3 Rfd8 20. Be3 Nf5
21. Rd1 Nxe3 22. Rbxd3 Rxd3 23. Qxd3 Qxd3 24. Rxd3 Nc4 25. Rc3 Rd8 26. h3 e4
27. Rxc4 exf3 28. gxf3 Rd3 29. Ra4 Rxf3 30. Rxa7 Rxh3 31. a4 Ra3 32. a5 g5 33.
b6 f6 34. Kg2 Kh7 35. Ra8 Kg6 36. a6 bxa6 37. b7 Rb3 38. b8=Q Rxb8 39. Rxb8 g4
40. Ra8 Kg5 41. Rxa6 f5 42. Ra7 g6 43. Kg3 f4+ 44. Kg2 Kh4 45. Ra5 g5 46. Ra6
Kh5 47. Rb6 1-0

[Event "NCL978b Witney-Barbican2"]
[Site "Rd4"]
[Date "1997.11.23"]
[Round "4.7"]
[White "Jones, Nicholas"]
[Black "Bautista, Marc"]
[Result "0-1"]
[WhiteElo "1880"]
[BlackElo "2115"]
[PlyCount "148"]
[EventDate "1997.11.23"]
[Source "4NCL"]
[SourceDate "1998.01.01"]

1. e4 e6 2. Nf3 d5 3. Nc3 Nc6 4. Bb5 a6 5. Ba4 d4 6. Ne2 b5 7. Bb3 Na5 8. d3 c5
9. O-O Bb7 10. Ng3 Bd6 11. Qe2 Qd7 12. Bd2 Nxb3 13. axb3 O-O-O 14. Ba5 Bc7 15.
Qd2 Ne7 16. Ng5 Nc6 17. Bxc7 Qxc7 18. f4 h6 19. Nf3 f6 20. f5 exf5 21. Nxf5 g6
22. Ng3 Rdf8 23. Rae1 Ne7 24. b4 f5 25. bxc5 Qxc5 26. b4 Qd6 27. c4 dxc3 28.
Qxc3+ Nc6 29. exf5 gxf5 30. Nxf5 Qxb4 31. Ne7+ Kd7 32. Ne5+ Ke8 33. Rxf8+ Rxf8
34. Qxb4 Nxb4 35. N7g6 Rg8 36. Nc6+ Kd7 37. Nge5+ Kd6 38. Nxb4 Rxg2+ 39. Kf1
Rb2 40. Nf7+ Kd7 41. Nxa6 Bxa6 42. Nxh6 b4 43. Rd1 b3 44. Ng4 Ke6 45. Ke1 Rg2
46. Ne3 Rxh2 47. Nf1 Rg2 48. Ne3 Rh2 49. Nf1 Rh3 50. Rb1 Rxd3 51. Nd2 Re3+ 52.
Kd1 Be2+ 53. Kc1 Rc3+ 54. Kb2 Rc2+ 55. Kxb3 Rxd2 56. Re1 Kd5 57. Kc3 Ra2 58.
Rg1 Ra3+ 59. Kd2 Bf3 60. Rg7 Kd4 61. Rd7+ Bd5 62. Kd1 Ra2 63. Rd8 Ke5 64. Re8+
Kf4 65. Kc1 Be4 66. Rh8 Ke3 67. Rh3+ Kd4 68. Rh8 Bd3 69. Kd1 Kc3 70. Rc8+ Bc4
71. Ke1 Re2+ 72. Kd1 Re7 73. Rc5 Ra7 74. Ke1 Rf7 0-1

[Event "NCL978b Witney-Barbican2"]
[Site "Rd4"]
[Date "1997.11.23"]
[Round "4.8"]
[White "Lang, Heather"]
[Black "Smith, Lucy"]
[Result "1/2-1/2"]
[WhiteElo "2060"]
[BlackElo "1648"]
[PlyCount "124"]
[EventDate "1997.11.23"]
[Source "4NCL"]
[SourceDate "1998.01.01"]

1. e4 c5 2. Nc3 d6 3. g3 Nc6 4. Bg2 Nf6 5. d3 e6 6. f4 Be7 7. Nf3 Qc7 8. O-O a6
9. h3 h6 10. Be3 Nh7 11. Qe1 Bf6 12. g4 Nd4 13. Qf2 Nxf3+ 14. Bxf3 Qb6 15. e5
dxe5 16. Bxc5 Qc7 17. Ne4 Be7 18. Bxe7 Kxe7 19. fxe5 Qxe5 20. d4 Qc7 21. d5
exd5 22. Nc3 Be6 23. Rae1 Kf8 24. Bxd5 Ng5 25. Qe3 Kg8 26. h4 Qd7 27. Bxe6 Nxe6
28. Rd1 Qe7 29. Qf2 Rd8 30. Rxd8+ Nxd8 31. Re1 Qd7 32. Qf4 Ne6 33. Qf5 Qd4+ 34.
Kh1 Qd7 35. Rd1 Qe7 36. Qf2 g5 37. Nd5 Qf8 38. Nf6+ Kg7 39. Nh5+ Kg8 40. Qf5
Nf4 41. Nxf4 gxf4 42. Qxf4 Qe7 43. Qf2 Qe4+ 44. Qg2 Qe7 45. Qg3 Qe4+ 46. Qg2
Qe7 47. h5 Kg7 48. Qf3 Rc8 49. Qf5 Rc7 50. c3 Qe2 51. Rf1 Qe7 52. Rd1 Qe2 53.
Qd5 Qe7 54. Qd4+ Kh7 55. Rg1 Rd7 56. Qf4 Qh4+ 57. Kg2 Qe7 58. Rf1 Kg7 59. Rf3
Qe6 60. Rf2 Qd5+ 61. Qf3 Qe6 62. Re2 Qxa2 1/2-1/2

[Event "NCL978b Bristol2-Guildford2"]
[Site "Rd4"]
[Date "1997.11.23"]
[Round "4.1"]
[White "Rudd, Jack"]
[Black "Granat, Russell"]
[Result "0-1"]
[WhiteElo "2170"]
[BlackElo "2260"]
[PlyCount "128"]
[EventDate "1997.11.23"]
[Source "4NCL"]
[SourceDate "1998.01.01"]

1. d4 d5 2. c4 Bf5 3. cxd5 Bxb1 4. Qa4+ c6 5. Rxb1 Qxd5 6. Nf3 Nd7 7. e3 e6 8.
Bd3 Nc5 9. Qc2 Nxd3+ 10. Qxd3 Bb4+ 11. Bd2 Bxd2+ 12. Qxd2 Qxa2 13. O-O Qb3 14.
Rfc1 Nf6 15. Rc3 Qb6 16. Qc2 O-O 17. e4 h6 18. e5 Nd5 19. Rb3 Nb4 20. Qd2 a5
21. Re1 Rad8 22. Re4 c5 23. Rh4 f5 24. g4 cxd4 25. g5 d3 26. gxh6 Rd7 27. Rh5
Qc6 28. h7+ Kf7 29. Ng5+ Kg6 30. Rc3 Qd5 31. h8=N+ Kxh5 32. Nh7 f4 33. Nxf8 Qf3
34. Nxd7 Qg4+ 35. Kf1 Qf3 36. Rxd3 Nxd3 37. Qe2 Qxe2+ 38. Kxe2 Nxb2 39. Nb6 a4
40. Kd2 a3 41. Kc2 Nd3 42. Kb3 Nxe5 43. Kxa3 Kh6 44. Kb4 Kh7 45. Kc5 Kxh8 46.
Kd6 Nd3 47. Kxe6 Nxf2 48. Kf5 f3 49. Kf4 Ng4 50. Kxf3 Nxh2+ 51. Kg3 Nf1+ 52.
Kf4 Kh7 53. Kg5 Nd2 54. Kf5 Kh6 55. Kg4 g6 56. Kh4 Ne4 57. Nd5 b5 58. Kg4 Nf2+
59. Kf3 Nd3 60. Ke4 Nc5+ 61. Kd4 Ne6+ 62. Ke5 Ng7 63. Ne3 Kg5 64. Kd4 Nf5+ 0-1

[Event "NCL978b Bristol2-Guildford2"]
[Site "Rd4"]
[Date "1997.11.23"]
[Round "4.2"]
[White "James, Russell"]
[Black "Easton, Alex"]
[Result "1/2-1/2"]
[WhiteElo "2110"]
[BlackElo "2096"]
[PlyCount "89"]
[EventDate "1997.11.23"]
[Source "4NCL"]
[SourceDate "1998.01.01"]

1. e4 e6 2. Nc3 d5 3. Nf3 Nf6 4. e5 Nfd7 5. d4 c5 6. dxc5 Nc6 7. Bf4 Bxc5 8.
Bd3 f6 9. exf6 Nxf6 10. O-O O-O 11. Qe2 Bd7 12. Rae1 Qe7 13. Ne5 Rae8 14. a3 a6
15. Nxc6 Bxc6 16. Be5 g6 17. b4 Bb6 18. Nd1 Nd7 19. Bg3 e5 20. c4 e4 21. cxd5
Bxd5 22. Nc3 Qf7 23. Nxe4 Bxe4 24. Bxe4 Nf6 25. Qf3 Nxe4 26. Rxe4 Qxf3 27. gxf3
Rd8 28. Re7 Rf7 29. Re6 Ba7 30. Rc1 Rxf3 31. Re7 Rdf8 32. Rcc7 R8f7 33. Rxb7
Bxf2+ 34. Bxf2 Rxf2 35. Rb8+ Kg7 36. Rxf7+ Rxf7 37. Ra8 Rf6 38. Ra7+ Kh6 39.
Rb7 g5 40. a4 Rf4 41. a5 Kg6 42. Rb6+ Kh5 43. Kg2 Kg4 44. Rxa6 Rxb4 45. h3+
1/2-1/2

[Event "NCL978b Bristol2-Guildford2"]
[Site "Rd4"]
[Date "1997.11.23"]
[Round "4.3"]
[White "Helbig, Paul"]
[Black "Norman, Ken"]
[Result "1-0"]
[WhiteElo "2180"]
[BlackElo "2184"]
[PlyCount "31"]
[EventDate "1997.11.23"]
[Source "4NCL"]
[SourceDate "1998.01.01"]

1. e4 e5 2. f4 exf4 3. Bc4 d5 4. Bxd5 Nf6 5. Nc3 Bb4 6. Nf3 c6 7. Bc4 Bxc3 8.
bxc3 O-O 9. d3 Qc7 10. O-O Bg4 11. Qe1 Nbd7 12. Kh1 Bxf3 13. gxf3 g5 14. Rg1 h6
15. Qh4 Kg7 16. Bxf4 1-0